Recursos humanos : champions /
Guardado en:
| Autor Principal: | |
|---|---|
| Otros Autores: | |
| Formato: | Libro |
| Idioma: | Spanish |
| Publicado: |
Buenos Aires, Argentina :
Granica,
c1997.
|
| Series: | Management
|
| Materias: | |
| Etiquetas: |
Agregar Etiqueta
Sin Etiquetas, Sea el primero en etiquetar este registro!
|
| LEADER | 00705nam a22002175a 4500 | ||
|---|---|---|---|
| 001 | EIQ.libpla004138 | ||
| 008 | 080711s1997####ag#a##########001#0#spa#d | ||
| 005 | 20080711164801.0 | ||
| 245 | 1 | 0 | |a Recursos humanos : |b champions / |c Dave Ulrich. |
| 260 | |a Buenos Aires, Argentina : |b Granica, |c c1997. | ||
| 300 | |a 433 p. : |b il. ; |c 22 cm. | ||
| 490 | 0 | |a Management | |
| 500 | |a Traducción: Gabriel Zadunaisky. | ||
| 500 | |a Incluye índice. | ||
| 020 | |a 9506412448 | ||
| 100 | 1 | |a Ulrich, Dave. | |
| 700 | 1 | |a Zadunaisky, Gabriel, |e tr. |4 trl | |
| 650 | 4 | |a Recursos humanos |x Gestión. | |
| 650 | 4 | |a human resources |x Management. | |
| 040 | |a AR-BbSID |b spa |c AR-BbSID | ||
| 859 | |a AR-BbSID |b BIB. PLAPIQUI |h 658.312 43 |i Ul 7 |p 5374 | ||
